000 00637nam a22002177a 4500
003 UA-OsUOA
001 66697
007 ta
008 20100122b un ||||| |||| 00| 0 ukr d
100 _aРоманов С.
090 _a82
_bР69
942 _cSA
040 _aUA-OsUOA
_bukr
_cUA-OsUOA
_dUA-OsUOA
245 _a"Портрет митця замолоду": штрихи до життєвого і творчого шляху Юрія Косача
300 _aС.29-42
955 _a0
041 _aukr
080 _a82
773 0 _w66696
650 7 _a82 Література. Літературознавство
_2UDC
999 _c352772
_d352772